Finančná podpora MSP v kontexte zlepšovania podnikateľského prostredia bakalárska práca

Saved in:
Bibliographic Details
Main Author: Dragúň, Michal
Corporate Author: Národohospodárska fakulta EU. Katedra financií
Other Authors: Belanová, Katarína, 1978-
Format: Book
Language:Slovak
Published: Bratislava 2025
Tags: Add Tag
No Tags, Be the first to tag this record!

MARC

LEADER 00000nbm a2200000 4500
001 0309197
005 20251015123823.1
041 0 |a slo 
044 |a SK 
245 1 0 |a Finančná podpora MSP v kontexte zlepšovania podnikateľského prostredia  |b bakalárska práca  |c Michal Dragúň ; školiteľ: Katarína Belanová 
264 1 |a Bratislava  |c 2025 
300 |a 46 s. 
100 1 |a Dragúň, Michal 
700 1 |a Belanová, Katarína, 1978- 
710 2 |a Národohospodárska fakulta EU. Katedra financií